Inside international trade policy formulation : a history of the 1982 US-EC steel arrangements

Bibliographic Details
Main Author: Levine, Michael K. (Author)
Format: Book
Published: New York : Praeger , 1985
Subjects:

MARC

LEADER 00000cam a2200000 7i4500
001 0000008345
005 20021119093000.0
008 021119n
050 0 0 |a HD9516   |b .L48 
090 0 0 |a HD9516   |b .L48 
100 0 |a Levine, Michael K. ,   |e author 
245 0 0 |a Inside international trade policy formulation :   |b a history of the 1982 US-EC steel arrangements   |c Michael K. Levine 
260 2 |a New York :   |b Praeger ,   |c 1985 
300 |a 164 p. ; ;   |c 25 cm. 
501 |a Includes index 
650 0 |a Steel industry and trade   |x Government policy   |z European Economic Comunity countries 
650 0 |a Steel industry and trade   |x Government policy   |z United States 
651 0 |a European Economic Community countries   |x Foreign economic relations   |z United States 
651 0 |a United States   |x Foreign economic relations   |z European Economic Community countries 
999 |a 1000012042   |b Book   |c OPEN SHELF (30 DAYS)   |e Gong Badak Campus